|
|
|
|
| LEADER |
00000nam a2200000Ia 4500 |
| 003 |
010327 |
| 005 |
20230908154535.0 |
| 008 |
140114s2008 cr a 000 ||s d |
| 040 |
|
|
|c cru CEDI
|
| 090 |
|
|
|a TFG 5593
|
| 100 |
|
|
|a Garro Calvo, Michael, 1977-
|9 1449
|
| 245 |
|
|
|a Equivalente dinámico de granjas eólicas para estudios de estabilidad transitoria
|
| 260 |
|
|
|a [San José, Costa Rica]
|b 2008
|
| 300 |
|
|
|a xiii, 78 hojas; ilustraciones (algunos a color)
|
| 500 |
|
|
|a Tesis (licenciatura en ingeniería eléctrica)--Universidad de Costa Rica. Facultad de Ingeniería. Escuela de Ingeniería Eléctrica
|
| 501 |
|
|
|a Director de Tesis de Graduación: Dr. Eddie Araya Padilla
|
| 650 |
|
|
|x ENERGIA EOLICA
|x MODELOS MATEMATICOS
|x TURBINAS DE AIRE
|x PERTURBACION (DINAMICA CUANTICA)
|9 4489
|
| 700 |
|
|
|9 333
|a Araya Padilla, Eddie Alberto, 1961-
|d Director del TFG
|
| 942 |
|
|
|c CEDI
|
| 999 |
|
|
|c 16668
|d 16668
|